Rice : Origin, history, technology, and production
Na minha lista:
| Formato: | Livro |
|---|---|
| Idioma: | Undetermined |
| Publicado em: |
Hoboken, NJ.
John Wiley & Sons
2003
|
| Assuntos: | |
| Tags: |
Adicionar Tag
Sem tags, seja o primeiro a adicionar uma tag!
|
| Thư viện lưu trữ: | Trung tâm Học liệu Trường Đại học Cần Thơ |
|---|
| LEADER | 00530nam a2200193Ia 4500 | ||
|---|---|---|---|
| 001 | CTU_128208 | ||
| 008 | 210402s9999 xx 000 0 und d | ||
| 020 | |c 5735000 | ||
| 082 | |a 633.18 | ||
| 082 | |b R495 | ||
| 245 | 0 | |a Rice : | |
| 245 | 0 | |b Origin, history, technology, and production | |
| 245 | 0 | |c Edited by C. Wayne Smith and Robert H. Dilday | |
| 260 | |a Hoboken, NJ. | ||
| 260 | |b John Wiley & Sons | ||
| 260 | |c 2003 | ||
| 650 | |a Rice,Lúa | ||
| 904 | |i Minh | ||
| 980 | |a Trung tâm Học liệu Trường Đại học Cần Thơ | ||